ARRUPE JESUIT UNIVERSITY

CORONAVIRUS -STOP THE SPREAD - CLEAN,DISINFECT,COVER

A short history of Africa, (Record no. 128795)

MARC details
000 -LEADER
fixed length control field 00872nam a2200301 4500
001 - CONTROL NUMBER
control field 2194433
003 - CONTROL NUMBER IDENTIFIER
control field ARRUPE
005 - DATE AND TIME OF LATEST TRANSACTION
control field 20190123120633.0
008 - FIXED-LENGTH DATA ELEMENTS--GENERAL INFORMATION
fixed length control field 720127s1970 enkb b 001 0 eng
010 ## - LIBRARY OF CONGRESS CONTROL NUMBER
LC control number 72880581
015 ## - NATIONAL BIBLIOGRAPHY NUMBER
National bibliography number B70-22113
020 ## - INTERNATIONAL STANDARD BOOK NUMBER
International Standard Book Number 0140410023
040 ## - CATALOGING SOURCE
Original cataloging agency DLC
Transcribing agency DLC
Modifying agency DLC
043 ## - GEOGRAPHIC AREA CODE
Geographic area code f------
050 00 - LIBRARY OF CONGRESS CALL NUMBER
Classification number SPC. DT22
Item number .O4 1972
082 00 - DEWEY DECIMAL CLASSIFICATION NUMBER
Classification number 916./03
300 ## - PHYSICAL DESCRIPTION
Other physical details maps.
Dimensions 18 cm.
100 1# - MAIN ENTRY--PERSONAL NAME
Personal name Oliver, Roland Anthony.
9 (RLIN) 31383
245 12 - TITLE STATEMENT
Title A short history of Africa,
Statement of responsibility, etc by Roland Oliver and J. D. Fage.
250 ## - EDITION STATEMENT
Edition statement 4th ed.
260 ## - PUBLICATION, DISTRIBUTION, ETC. (IMPRINT)
Place of publication, distribution, etc Harmondsworth,
Name of publisher, distributor, etc Penguin,
Date of publication, distribution, etc 1972.
300 ## - PHYSICAL DESCRIPTION
Extent 299 p.
350 ## - PRICE (NR) (BK AM CF MU VM SE) [OBSOLETE]
Price 6/-
490 0# - SERIES STATEMENT
Series statement Penguin African library
504 ## - BIBLIOGRAPHY, ETC. NOTE
Bibliography, etc Bibliography: p. 269-281.
651 #0 - SUBJECT ADDED ENTRY--GEOGRAPHIC NAME
Geographic name Africa
General subdivision History.
9 (RLIN) 44063
700 1# - ADDED ENTRY--PERSONAL NAME
Personal name Fage, J. D.,
Relator term joint author.
9 (RLIN) 30511
906 ## - LOCAL DATA ELEMENT F, LDF (RLIN)
a 7
b cbc
c orignew
d 3
e ncip
f 19
g y-gencatlg
942 ## - ADDED ENTRY ELEMENTS (KOHA)
Source of classification or shelving scheme Library of Congress Classification
Koha item type SPC
Holdings
Withdrawn status Lost status Source of classification or shelving scheme Damaged status Not for loan Collection code Home library Current library Shelving location Date acquired Total Checkouts Full call number Barcode Date last seen Price effective from Koha item type
    Library of Congress Classification     SPECIAL Collection ARRUPE LIBRARY ARRUPE LIBRARY REFERENCE 23/01/2019   SPC. DT22 .O4 1972 46600002434 23/01/2019 23/01/2019 SPC

 

Arrupe Library. PO Box MP320 Mt Pleasant, Harare, Zimbabwe
263 242 745411|librarian@aju.ac.zw